000
00293nam a22001337a 4500
003
OSt
005
20160727222406.0
008
160624b xxu||||| |||| 00| 0 eng d
040
_c
TEST
100
_9
855
_a
Misra, O.K
245
_a
The Golden Light
300
_a
The Golden Light
942
_2
ddc
_c
BK
999
_c
679
_d
679